| 000 | 00469nam a2200205Ia 4500 | ||
|---|---|---|---|
| 001 | 082963 | ||
| 003 | YMCAF | ||
| 005 | 20230512161401.0 | ||
| 008 | 100717s2002 ||||||||||||||||| ||und|d | ||
| 024 | _a82963 | ||
| 035 | _a22423 | ||
| 040 |
_aYMCAF _beng _cIN-KoLT |
||
| 041 | _aeng | ||
| 082 |
_a670.285 _bGRO |
||
| 100 | _aGroover, P Mikell | ||
| 245 | 0 | _aCAD/CAM computer aided design and manufacturing | |
| 260 |
_bPHI _c2002 |
||
| 300 | _a489 | ||
| 942 |
_2ddc _cBK |
||
| 999 |
_c8346 _d8346 |
||